| 000 | 00482nam a2200169 a 4500 | ||
|---|---|---|---|
| 005 | 20240924071153.0 | ||
| 008 | 991125s1926 mx 000 0 spa u | ||
| 035 | _aUPN01000011952 | ||
| 049 | _aSEP | ||
| 050 | 4 |
_aLB1573 M6 _bR6.2 |
|
| 100 | 1 | _aRodríguez, Arnulfo | |
| 245 | 1 | 0 |
_aCosas de niños : _bnarraciones : lecturas para niños / _cArnulfo Rodríguez. |
| 260 |
_aMéxico : _bSEP, _c1926. |
||
| 300 |
_a115 p. : _bil. |
||
| 650 | 4 |
_aLiteratura infantil _94445 |
|
| 905 | _aLibro | ||
| 999 |
_c11952 _d11952 |
||